Survival guide for general chemistry (Record no. 5670)

MARC details
000 -LEADER
fixed length control field 01327nam a2200337 4500
001 - CONTROL NUMBER
control field 000
005 - DATE AND TIME OF LATEST TRANSACTION
control field 20150420105357.0
008 - FIXED-LENGTH DATA ELEMENTS--GENERAL INFORMATION
fixed length control field 000
010 ## - LIBRARY OF CONGRESS CONTROL NUMBER
LC control number 2007282755
020 ## - INTERNATIONAL STANDARD BOOK NUMBER
International Standard Book Number 0495387517
International Standard Book Number 9780495387510
035 ## - SYSTEM CONTROL NUMBER
System control number (OCoLC)ocn138556663
040 ## - CATALOGING SOURCE
Original cataloging agency UOEL
Transcribing agency N$V
Modifying agency BAKER
-- OCLCQ
-- BTCTA
-- DLC
042 ## - AUTHENTICATION CODE
Authentication code lccopycat
050 00 - LIBRARY OF CONGRESS CALL NUMBER
Classification number QD42
Item number .A89 2008
082 00 - DEWEY DECIMAL CLASSIFICATION NUMBER
Classification number 540.76
Edition number 22
100 1# - MAIN ENTRY--PERSONAL NAME
Personal name Atwood, Charles H.
245 10 - TITLE STATEMENT
Title Survival guide for general chemistry
Statement of responsibility, etc Charles H. Atwood.
260 ## - PUBLICATION, DISTRIBUTION, ETC. (IMPRINT)
Place of publication, distribution, etc Belmont, Calif. :
Name of publisher, distributor, etc Thomson Brooks/Cole,
Date of publication, distribution, etc c2008.
300 ## - PHYSICAL DESCRIPTION
Extent [ix], 521 p. :
Other physical details ill. ;
500 ## - GENERAL NOTE
General note Earlier ed.: Survival guide for general chemistry with math review.
650 #0 - SUBJECT ADDED ENTRY--TOPICAL TERM
Topical term or geographic name as entry element Chemistry
Form subdivision Problems, exercises, etc.
Topical term or geographic name as entry element Chemistry
Form subdivision Handbooks, manuals, etc.
856 42 - ELECTRONIC LOCATION AND ACCESS
Materials specified Contributor biographical information
Uniform Resource Identifier <a href="http://www.loc.gov/catdir/enhancements/fy1104/2007282755-b.html">http://www.loc.gov/catdir/enhancements/fy1104/2007282755-b.html</a>
Materials specified Publisher description
Uniform Resource Identifier <a href="http://www.loc.gov/catdir/enhancements/fy1104/2007282755-d.html">http://www.loc.gov/catdir/enhancements/fy1104/2007282755-d.html</a>
Materials specified Table of contents only
Uniform Resource Identifier <a href="http://www.loc.gov/catdir/enhancements/fy1104/2007282755-t.html">http://www.loc.gov/catdir/enhancements/fy1104/2007282755-t.html</a>
906 ## - LOCAL DATA ELEMENT F, LDF (RLIN)
a 7
b cbc
c copycat
d 2
e ncip
f 20
g y-gencatlg
942 ## - ADDED ENTRY ELEMENTS (KOHA)
Source of classification or shelving scheme Library of Congress Classification
Item type Loan - Normal on open shelf
Holdings
Withdrawn status Lost status Source of classification or shelving scheme Damaged status Not for loan Home library Current library Shelving location Date acquired Total Checkouts Full call number Barcode Date last seen Copy number Price effective from Koha item type
    Library of Congress Classification     UOE Main Library UOE Main Library Open shelf 20/04/2015   QD42 .A89 2008 20140882 27/04/2026 20140882 20/04/2015 Loan - Normal on open shelf